<?xml version="1.0" encoding="UTF-8"?><?xml-stylesheet type="text/xsl" href="static/style.xsl"?><OAI-PMH xmlns="http://www.openarchives.org/OAI/2.0/" xmlns:xsi="http://www.w3.org/2001/XMLSchema-instance" xsi:schemaLocation="http://www.openarchives.org/OAI/2.0/ http://www.openarchives.org/OAI/2.0/OAI-PMH.xsd"><responseDate>2026-04-13T04:01:41Z</responseDate><request verb="GetRecord" identifier="oai:www.recercat.cat:10256/2056" metadataPrefix="marc">https://recercat.cat/oai/request</request><GetRecord><record><header><identifier>oai:recercat.cat:10256/2056</identifier><datestamp>2024-11-19T08:46:38Z</datestamp><setSpec>com_2072_452955</setSpec><setSpec>com_2072_2054</setSpec><setSpec>col_2072_453066</setSpec></header><metadata><record xmlns="http://www.loc.gov/MARC21/slim" xmlns:dcterms="http://purl.org/dc/terms/" xmlns:xsi="http://www.w3.org/2001/XMLSchema-instance" xmlns:doc="http://www.lyncode.com/xoai" xsi:schemaLocation="http://www.loc.gov/MARC21/slim http://www.loc.gov/standards/marcxml/schema/MARC21slim.xsd">
   <leader>00925njm 22002777a 4500</leader>
   <datafield ind2=" " ind1=" " tag="042">
      <subfield code="a">dc</subfield>
   </datafield>
   <datafield ind2=" " ind1=" " tag="720">
      <subfield code="a">Ribas Palom, Anna</subfield>
      <subfield code="e">author</subfield>
   </datafield>
   <datafield ind2=" " ind1=" " tag="260">
      <subfield code="c">1993</subfield>
   </datafield>
   <datafield ind2=" " ind1=" " tag="520">
      <subfield code="a">Grup de Recerca Medi Ambient i Tecnologies de la Informació Geogràfica</subfield>
   </datafield>
   <datafield ind2=" " ind1=" " tag="520">
      <subfield code="a">L'étude des risques naturels est devenu un sujet de débat entre les géographes physiques français, de plus en plus conscients de l'exposition croissante des sociétés aux risques naturels et du besoin d'évaluer leurs compétences et leurs moyens d'intervention. Mais l'étude des risques naturels a aussi été un sujet récurrent dans l'histoire de la géographie française. Cet article prétend être une approche au traitement qu'a reçu ce thème dans les Annales de Géographie depuis sa création jusqu'h aujourd’hui. Après avoir distingué trois étapes (1891-1930, 1930-1975 et 1975-1991) on a établi les rapports existants entre les différents moments de la géographie française et l'étude des risques naturels et on a analysé autant le contenu des notices sur les divers évènements catastrophiques que les travaux des auteurs les plus représentatifs. I1 s'agit, en résumé, de proposer une réflexion sur la façon dont la géographie française a abordé ce sujet</subfield>
   </datafield>
   <datafield ind2=" " ind1=" " tag="520">
      <subfield code="a">Environmental hazards have become a topic of discussion among French physical geographers, who are increasingly more conscious of the growing exposure of society to environmental risks and the need to asses their own competence and level of involvement in the subject. In fact, environmental risk has been a recurring topic trough out the history of French Geography. This article attempts to examine the attention which the topic of environmental risk has received in Annales de Géographie since its origins in 1891, and thus classify the different attitudes existing in French Geography. The period can therefore be divided into three stages (1891-1930, 1930-1975, 1975-1991). Analysis covers not only the courtesy the references to catastrophes but also the principal authors. In this way the article should, by and large, reflect how the topic has been studied in French Geography</subfield>
   </datafield>
   <datafield ind2=" " ind1=" " tag="520">
      <subfield code="a">El tema de los riesgos naturales se ha convertido en motivo de debate entre los geógrafos físicos franceses, cada vez más conscientes de la exposición creciente de la sociedad a los riesgos naturales y de la necesidad de evaluar sus propias competencias y niveles de intervención en este tema. Sin embargo, los riesgos naturales han sido un tema recurrente a lo largo de la historia de la geografía francesa. El trabajo que aquí se presenta pretende ser una aproximación al tratamiento que han recibido los riesgos naturales en la revista Annales de Géographie desde sus inicios en 1891 y hasta la actualidad. A partir de una periodizaci6n en tres etapas (1891-1930, 1930-1975 y 1975-1991), este articulo pone en relación los distintos momentos que ha atravesado la geografía francesa con la temática de los riesgos naturales, y analiza tanto el contenido de las referencias a los distintos episodios catastróficos como los autores que han sido más representativos en su estudio. En definitiva, un trabajo que pienso puede reflejar en buena medida cómo la geografía francesa ha estudiado este tema</subfield>
   </datafield>
   <datafield ind2=" " ind1=" " tag="520">
      <subfield code="a">Darrerament el tema dels riscos naturals s'ha convertit en motiu de debat entre els geògrafs físics francesos, cada vegada més conscients de l'exposició creixent de les societats als riscos naturals i de la necessitat d'avaluar llurs competències i nivells d'intervenció en aquest tema. Els riscos naturals han estat, però, un tema recurrent al llarg de la història de la geografia francesa. El treball que aquí es presenta pretén ser una aproximació al tractament que han rebut els riscos naturals dins els Annales de Géographie, des dels seus inicis l'any 1891 fins a l'actualitat. A partir d'una periodització en tres etapes (1891-1930,1930-1975 i 1975-1991), aquest article posa en relació els diferents moments que ha travessat la geografia francesa amb la temàtica dels riscos naturals, i analitza tant el contingut de les referències als diferents episodis catastròfics com els autors que n'han estat més representatius en el seu estudi. En definitiva, un treball que penso que pot reflectir en bona mesura quin ha estat el tractament que la geografia francesa ha dedicat a aquest tema</subfield>
   </datafield>
   <datafield ind1="8" ind2=" " tag="024">
      <subfield code="a">http://hdl.handle.net/10256/2056</subfield>
   </datafield>
   <datafield tag="653" ind2=" " ind1=" ">
      <subfield code="a">Medi ambient -- Avaluació del risc -- França</subfield>
   </datafield>
   <datafield tag="653" ind2=" " ind1=" ">
      <subfield code="a">Environmental risk assessment -- France</subfield>
   </datafield>
   <datafield tag="653" ind2=" " ind1=" ">
      <subfield code="a">Geografia física -- França</subfield>
   </datafield>
   <datafield tag="653" ind2=" " ind1=" ">
      <subfield code="a">Physical geography -- France</subfield>
   </datafield>
   <datafield ind2="0" ind1="0" tag="245">
      <subfield code="a">El Lloc dels riscos naturals als Annales de Géographie (1891-1991)</subfield>
   </datafield>
</record></metadata></record></GetRecord></OAI-PMH>